| 000 | 01578cam a22002771ia4500 | ||
|---|---|---|---|
| 003 | SA-RiAUC | ||
| 005 | 20260405135950.0 | ||
| 008 | 260402s1970 ua o g f00010cara c | ||
| 040 |
_aSA-JeALM _bara _cSA-RiAUC _erda |
||
| 050 | 4 | _b.T25 1970 | |
| 082 | 0 | 4 |
_a922.581 _qSA-RiAUC |
| 090 |
_a922.581 _bت ق ي |
||
| 100 | 1 |
_aالتقي الغزي، تقي الدين بن عبد القادر التميمي، _dتوفي 1010 هجري _eمؤلف. |
|
| 245 | 1 | 2 |
_aالطبقات السنية في تراجم الحنفية / _cتأليف تقي الدين بن عبد القادر التميمي ؛ تحقيق عبد الفتاح محمد الحلو. |
| 264 | 1 |
_aالقاهرة : _bالمجلس الأعلى للشؤون الإسلامية، لجنة إحياء التراث الإسلامي، _c1970 |
|
| 300 |
_a2 مجلد (502 صفحة ) : _c26 سم. |
||
| 336 |
_aنص _btxt _2rdacontent _3كتاب |
||
| 337 |
_aبدون وسيط _bn _2rdamedia |
||
| 338 |
_aمجلد _bnc _2rdacarrier |
||
| 490 | 0 |
_aإصدارات لجنة إحياء التراث الإسلامي / المجلس الأعلى للشؤون الإسلامية (القاهرة) ؛ _v17 |
|
| 650 | 7 |
_aالفقهاء الأحناف _vتراجم _2aucsh |
|
| 700 | 1 |
_aالحلو، عبد الفتاح محمد، _d1937-1994 _eمحقق. |
|
| 700 | 1 | 2 |
_aالتقي الغزي، تقي الدين بن عبد القادر التميمي، _dتوفي 1010 هجري. _iتحقيق لـ : _tالطبقات السنية في تراجم الحنفية |
| 942 |
_2ddc _cBOOK _n0 |
||
| 949 |
_aSA-JeALM _d260402 _uosman123 _n1 |
||
| 999 |
_c14728 _d14728 |
||